Lecciones de agricultura / (Record no. 73715)

MARC details
000 -LEADER
campo de control de longitud fija 00797nam a2200253 i 4500
001 - NÚMERO DE CONTROL
campo de control 73715
003 - IDENTIFICADOR DE NÚMERO DE CONTROL
campo de control ES-MaACL
005 - FECHA Y HORA DE LA ÚLTIMA TRANSACCIÓN
campo de control 20250815085326.0
007 - CAMPO FIJO DE DESCRIPCIÓN FÍSICA--INFORMACIÓN GENERAL
campo de control de longitud fija t|
008 - DATOS DE LONGITUD FIJA--INFORMACIÓN GENERAL
campo de control de longitud fija 040910s1965 sp ||||1| spa d
100 1# - ENTRADA PRINCIPAL--NOMBRE DE PERSONA
Nombre de persona Gondé, Henri.
9 (RLIN) 58232
245 10 - MENCIÓN DEL TÍTULO
Título Lecciones de agricultura /
Mención de responsabilidad, etc. H. Gondé, G. Carré y Ph. Jussiaux ; versión, Justino Ramírez ; prólogo de Luis Hidalgo.
260 ## - PUBLICACIÓN, DISTRIBUCIÓN, ETC.
Lugar de publicación, distribución, etc. [Madrid] :
Nombre del editor, distribuidor, etc. Aguilar,
Fecha de publicación, distribución, etc. [1965]
300 ## - DESCRIPCIÓN FÍSICA
Extensión XX, 645 p. ;
Dimensiones 22 cm.
490 1# - MENCIÓN DE SERIE
Mención de serie Ciencia y técnica
650 07 - PUNTO DE ACCESO ADICIONAL DE MATERIA--TÉRMINO DE MATERIA
Término de materia o nombre geográfico como elemento de entrada Agricultura
Fuente del encabezamiento o término embne
9 (RLIN) 9670
700 1# - ENTRADA AGREGADA--NOMBRE PERSONAL
Nombre de persona Carré, G.
9 (RLIN) 35594
700 1# - ENTRADA AGREGADA--NOMBRE PERSONAL
Nombre de persona Jussiaux, Ph.
9 (RLIN) 67342
700 1# - ENTRADA AGREGADA--NOMBRE PERSONAL
Nombre de persona Ramírez, Justino.
9 (RLIN) 95100
700 1# - ENTRADA AGREGADA--NOMBRE PERSONAL
Nombre de persona Hidalgo, Luis.
9 (RLIN) 63574
830 10 - PUNTO DE ACCESO ADICIONAL DE SERIE-TÍTULO UNIFORME
Título uniforme Ciencia y técnica
9 (RLIN) 177702
852 ## - LOCALIZACIÓN
Ubicación ES-MaACL
Número de control de estantería C-27815
Holdings
Estatus retirado Estado de pérdida Estado de daño No para préstamo Biblioteca de origen Biblioteca actual Ubicación en estantería Fecha de adquisición Fuente de adquisición Total de préstamos Signatura topográfica completa Código de barras Visto por última vez Precio de reemplazo Tipo de ítem Koha
        Biblioteca del Ateneo de Madrid Biblioteca del Ateneo de Madrid Depósito 2 17/01/2008     C-27815 1077158 23/02/2023 23/02/2023 Libro impreso